000 00664nam a2200277Ia 4500
005 20260324150426.0
008 008 260324s9999 xx 000 0 eng d
020 _a9780203041314
037 _aEBOOK
040 _aCRL
040 _beng
040 _cCRL
041 _2eng
041 _aeng
084 _qCRL
100 _aMary Wilhelmine Williams
_91226375
245 0 _aDom Pedro the Magnanimous, Second Emperor of Brazil
260 _bTaylor and Francis
260 _c1967
365 _a
365 _b230
856 _uhttp://www.taylorfrancis.com/books/9780203041314
942 _cEBOOK
999 _c1835804
_d1835804